History Quiz

Random History or Letter Quiz

One Justice Per Letter Quiz Stats

Quiz Updated Apr 7, 2017

Challenge
Share
Tweet
Embed
Score 0/21 Timer 03:00
0 Plays Today
Letter Last Name % Correct
SSanford, Scalia, Shiras, Sotomayor, Souter, Stevens, Stewart, Stone, Story, Strong, Sutherland, Swayne
85.3%
TTaft, Taney, Thomas, Thompson, Todd, Trimble
85.1%
RReed, Rehnquist, Roberts(2), Rutledge(2)
77.6%
WWaite, Warren, Washington, Wayne, White(2), Whittaker, Wilson, Woodbury, Woods
76.1%
BBaldwin, Barbour, Black, Blackmun, Blair, Blatchford, Bradley, Brandeis, Brennan, Brewer, Breyer, Brown, Burger, Burton, Butler, Byrnes
74.4%
MMarshall(2), Matthews, McKenna, McKinley, McLean, McReynolds, Miller, Minton, Moody, Moore, Murphy
72.6%
OO'Connor
71.9%
JJackson(2), Jay, Johnson(2)
71.5%
KKagan, Kennedy
67.2%
GGinsburg, Goldberg, Gorsuch, Gray, Grier
66.2%
AAlito
55.3%
Letter Last Name % Correct
DDaniel, Davis, Day, Douglas, Duvall
32.9%
HHarlan(2), Holmes, Hughes, Hunt
31%
FField, Fortas, Frankfurter, Fuller
28.5%
CCampbell, Cardozo, Catron, Chase(2), Clark, Clarke, Clifford, Curtis, Cushing
27.4%
VVan Devanter, Vinson
16.6%
PPaterson, Peckham, Pitney, Powell
12.4%
NNelson
8.3%
EEllsworth
6.5%
IIredell
5.8%
LLamar(2), Livingston, Lurton
5.3%

You're not logged in!

Compare scores with friends on all Sporcle quizzes.
Sign Up with Email
OR
Log In

You Might Also Like...

Show Comments

Extras

Top Quizzes Today


Score Distribution

Your Account Isn't Verified!

In order to create a playlist on Sporcle, you need to verify the email address you used during registration. Go to your Sporcle Settings to finish the process.